Geometria (Registo nº 1150)

Detalhes MARC
000 -Etiqueta do registo
Cabeçalho 01006nam a2200313 i 4500
005 - Identificador da versão
Campo de controlo 20240813121827.0
010 ## - Número internacional normalizado dos livros (ISBN)
Número (ISBN) 9789727422777
021 ## - Número do Depósito Legal
Código do país PT
Número 271473/08
100 ## - Dados gerais de processamento
Dados gerais de processamento 20080506d2008 m y0pory5003 ba
102 ## - Pais de publicação ou produção
País de publicação Portugal
101 0# - Língua de publicação
Língua do texto, banda sonora, etc. Português
106 ## - Campo de dados codificados: material textual
Dados codificados do material textual r
105 ## - Campo de dados codificados: livros
Dados codificados dos livros a j 000yy
215 ## - Descrição física 
Indicação específica da natureza do documento e extensão da espécie 88 p.
Outras indicações físicas il.
Dimensões 27 cm
200 1# - Titulo e menção de responsabilidade
Título próprio Geometria
Informação de outro título textos de apoio para educadores de infância
Primeira menção de responsabilidade Maria de Fátima Mendes, Catarina Coutinho Delgado
Outras menções de responsabilidade coord. Lurdes Serrazina
210 ## - Publicação, Distribuição, etc. 
Lugar da edição, distribuição, etc. Lisboa
Nome do editor, distribuidor, etc. Direcção-Geral de Inovação e Desenvolvimento Curricular
Data da publicação, distribuição, etc. 2008
320 ## - Nota relativa a bibliografia e índices internos 
Texto da nota Bibliografia, p. 81
675 ## - Classificação Decimal Universal (CDU)
Notação 371.3(075)
Edição BN
Língua da edição por
Notação 514(075)
Edição BN
Língua da edição por
Notação 373.2(469)
Edição BN
Língua da edição por
702 #1 - Nome de autor-pessoa física (responsabilidade secundária)
Número de registo de entrada de autoridade 0001598
Palavra de ordem Serrazina
Outra parte do nome não tomada para palavra de ordem Lurdes
Datas 1948-
Código de função Editor literário / Coordenador
701 #1 - Nome de autor-pessoa física (co-responsabilidade principal)
Palavra de ordem Delgado
Outra parte do nome não tomada para palavra de ordem Catarina Coutinho
Datas 1969-
Código de função Autor / Co-autor
700 #1 - Nome de autor-pessoa física (responsabilidade principal)
Número de registo de entrada de autoridade 0001596
Palavra de ordem Mendes
Outra parte do nome não tomada para palavra de ordem Fátima
Datas 1963-
900 ## -
-- BIBNAC
-- 20091217
942 ## - Elementos de entrada adicionados (Koha)
Tipo de item no Koha Livro
Exemplares
Situação do levantamento Origin of item (home branch) (coded) Biblioteca de empréstimo Código de barras Cota Circulation type (not for loan) Tipo de documento Nota do exemplar Damaged status
  Biblioteca Escolar Eng. Nuno Mergulhão Biblioteca Escolar Eng. Nuno Mergulhão BENM2096 37 EDU   Livro Sem mensagem